<?xml version="1.0" encoding="UTF-8"?>
<collection xmlns="http://www.loc.gov/MARC21/slim">
 <record>
  <leader>01052nta a2200229 i 4500</leader>
  <controlfield tag="001">dipl108708</controlfield>
  <controlfield tag="005">20210303105129.0</controlfield>
  <controlfield tag="008">210301s2008    hu      om    0||   zxx d</controlfield>
  <datafield tag="040" ind1=" " ind2=" ">
   <subfield code="a">SZTE Diploma Repozitórium</subfield>
   <subfield code="b">hun</subfield>
  </datafield>
  <datafield tag="041" ind1=" " ind2=" ">
   <subfield code="a">zxx</subfield>
  </datafield>
  <datafield tag="100" ind1="1" ind2=" ">
   <subfield code="a">Tóth Sándor</subfield>
  </datafield>
  <datafield tag="245" ind1="1" ind2="0">
   <subfield code="a">Egy videoklip elkészítésének teljes tervezte Kentaur „Álmatlanság“ című videoklipje alapján</subfield>
   <subfield code="h">[elektronikus dokumentum] /</subfield>
   <subfield code="c">Sándor Tóth</subfield>
  </datafield>
  <datafield tag="246" ind1="1" ind2="0">
   <subfield code="a">How to make a music video from the beginning to the end product through the example of Kentaur’s „Insomnia”</subfield>
   <subfield code="h">[elektronikus dokumentum]</subfield>
  </datafield>
  <datafield tag="260" ind1=" " ind2=" ">
   <subfield code="c">2008</subfield>
  </datafield>
  <datafield tag="650" ind1=" " ind2="4">
   <subfield code="a">Pedagógusképzés</subfield>
  </datafield>
  <datafield tag="650" ind1=" " ind2="4">
   <subfield code="a">Social sciences</subfield>
  </datafield>
  <datafield tag="650" ind1=" " ind2="4">
   <subfield code="a">Media and communications</subfield>
  </datafield>
  <datafield tag="650" ind1=" " ind2="4">
   <subfield code="a">Media and socio-cultural communication</subfield>
  </datafield>
  <datafield tag="650" ind1=" " ind2="4">
   <subfield code="a">Cultural studies, cultural diversity</subfield>
  </datafield>
  <datafield tag="700" ind1="1" ind2=" ">
   <subfield code="a">Szirmai Éva</subfield>
   <subfield code="e">ths</subfield>
  </datafield>
  <datafield tag="856" ind1="4" ind2="0">
   <subfield code="u">http://diploma.bibl.u-szeged.hu/id/eprint/108708/1/2008_toth_sandor.pdf</subfield>
   <subfield code="z">Dokumentum-elérés </subfield>
  </datafield>
  <datafield tag="856" ind1="4" ind2="0">
   <subfield code="u">http://diploma.bibl.u-szeged.hu/id/eprint/108708/2/2008_toth_sandor_melleklet.zip</subfield>
   <subfield code="z">Dokumentum-elérés </subfield>
  </datafield>
 </record>
</collection>
